000 00609nam a2200217 a 4500
001 3031
003 CDMR
005 20151026134202.0
008 130130s1990||||||||||||||||||||||||||||d
020 _a8475841406
024 _2DL
_aB225291990
040 _aCDMR
_bcat
_cCDMR
100 1 _aTubau, Iván
_9494
245 1 0 _aParaula viva contra llengua normativa
_b: el català espontani dels mitjans audiovisuals
_cIvan Tubau
250 _a1a
260 _aBarcelona
_c1990
_bLaertes
300 _a109 p.
490 0 _aLectures i itineraris
_v11
650 _93772
_aPeriodisme--Manuals d'estil
942 _cMON
_2udc
999 _c3031
_d3031